000 00514nam a2200193Ia 4500
003 0100
008 130303s9999 xx 000 0 und d
040 _cARRUPELIB
050 _aBX830.1962A2N19 1966
245 4 _aThe teachings of the Second Vatican Council
245 _bcomplete text of the constitutions, decrees, and declarations
260 _aWestminster MD
260 _bNewman Press
260 _C1966
300 _axi
300 _b 676p. 23cm.
700 _aBaum, Gregory (intr.)
942 0 0 _04
999 _c39008
_d39008